Курортное дело: учебное пособие

Dades bibliogràfiques
Autor principal: Сухарев Е. Е. Евгений Евгеньевич
Sumari:Исключено из фонда НТБ ТПУ
Idioma:rus
Publicat: Москва, Омега-Л, 2009
Col·lecció:Библиотека высшей школы
Format: MixedMaterials Llibre
KOHA link:https://koha.lib.tpu.ru/cgi-bin/koha/opac-detail.pl?biblionumber=138602

MARC

LEADER 00000nam0a2200000 4500
001 138602
005 20231031141511.0
010 |a 9785370008269 
035 |a (RuTPU)RU\TPU\book\150179 
090 |a 138602 
100 |a 20080528d2009 m y0rusy50 ca 
101 0 |a rus 
102 |a RU 
105 |a y j 001zy 
200 1 |a Курортное дело  |e учебное пособие  |f Е. Е. Сухарев 
210 |a Москва  |c Омега-Л  |d 2009 
215 |a 224 с. 
225 1 |a Библиотека высшей школы 
320 |a Литература: с. 222-224. 
333 |a Исключено из фонда НТБ ТПУ 
686 |a У9(2)49я73  |v LBC/SL-A  |2 rubbk 
700 1 |a Сухарев  |b Е. Е.  |g Евгений Евгеньевич 
801 1 |a RU  |b 63413507  |c 20080528  |g PSBO 
801 2 |a RU  |b 63413507  |c 20220407  |g PSBO 
942 |c BK 
959 |a 64/20080526  |d 1  |e 0  |f ЧЗГЛ:1 
959 |a 116/20081211  |d 1  |e 89,00  |f АНЛ:1